00965nji a22002537a 450000500170000000600190001700700150003600800410005102800260009203500130011804000130013110000150014424500960015924600810025526000390033630000960037550000170047150000390048850501040052760000100063165000290064165000200067070000210069020100918113430.0a|||||r|||||00| 0 sd ammalaaahaa100830t xxu||||| |||| 00| 0 eng d a2393 825bMUSIC INDIA aGR-03483 aSEDcSED aTalat Aziz aThe khazana concert (Ghazals) /cmusic by Ahmed [and] Mohammad Hussainh[sound recording] : aदी खज़ाना कॉन्सर्ट (ग़ज़ल्स) / aDum Dum, India bMUSIC INDIAc1982 a1 sound disc [Gramophone Recording]:banalog, 33 1/3 rpm c12.5 in. (LP)fGramophone Record aBrief Record aRecord labels : MUSIC INDIA, White aSide-1 (Dil ko har waqt) (Ahmed [and] Mohammad Hussain) Side-2 (Meri dastaan-e-hasrat) (Talat Aziz) aAhmed aGhazalszIndiaxExcerpts aClassical Music aMohammad Hussain